000 00371nam a2200133Ia 4500
008 150201s2014 xx 000 0 und d
082 _a616.01
_bM2012S
100 _aGUPTE ,SATISH
245 _aTHE SHORT TEXT BOOK OF MEDICAL MICROBIOLOGY FOR DENTAL STUDENTS
250 _a1ST
260 _bJAYPEE BROTHERS MEDICAL PUBLISHERS
650 _aMICROBIOLOGY
942 _2ddc
_cBK
999 _c4839
_d4839